[Event "BL 1011 SC Eppingen - SV Mülheim Nord"]
[Site "?"]
[Date "2011.03.20"]
[Round "13.2"]
[White "Tiviakov, Sergei"]
[Black "Potkin, Vladimir"]
[Result "1/2-1/2"]
[WhiteElo "2637"]
[BlackElo "2630"]
[PlyCount "172"]
[EventDate "2011.??.??"]

1. e4 c5 2. Nf3 e6 3. c3 Nf6 4. e5 Nd5 5. Bc4 d6 6. d4 cxd4 7. cxd4 Nc6 8. O-O
Be7 9. Qe2 O-O 10. Rd1 Na5 11. b3 b6 12. Bxd5 exd5 13. Nc3 Be6 14. Ba3 Rc8 15.
Nb5 dxe5 16. Bxe7 Qxe7 17. dxe5 Nc6 18. Nfd4 Nxd4 19. Nxd4 Qg5 20. Rd3 Rfe8 21.
Qe3 Qg6 22. Re1 Bf5 23. Nxf5 Qxf5 24. Rxd5 Rc2 25. Rd2 Rc5 26. b4 Rc4 27. Rd4
Rec8 28. h3 h6 29. Rxc4 Rxc4 30. a3 Rc2 31. e6 fxe6 32. Qxe6+ Qxe6 33. Rxe6 Ra2
34. Re3 Ra1+ 35. Kh2 Ra2 36. Rf3 Rd2 37. g4 Rd5 38. Kg3 a5 39. h4 h5 40. gxh5
Rxh5 41. Rd3 Rf5 42. Rd6 Rb5 43. Rd4 Rf5 44. f3 Kh7 45. Kf2 axb4 46. axb4 Kh6
47. Rd6+ Kh5 48. Rxb6 Kxh4 49. Re6 Rb5 50. Re4+ Kg5 51. Ke3 Kf5 52. Kd3 Rb8 53.
Kc4 Rc8+ 54. Kb3 Rb8 55. Kc4 Rc8+ 56. Kd3 Rb8 57. Rd4 g5 58. Kc4 Rc8+ 59. Kb3
Ke5 60. Rc4 Rf8 61. Rc3 Rb8 62. Rc5+ Kd6 63. Rc4 Rf8 64. Rc3 Rb8 65. Ka3 Ra8+
66. Kb2 Rb8 67. Kb3 Kd5 68. Rc5+ Kd6 69. Rxg5 Rf8 70. Rg6+ Kc7 71. Rg3 Rf4 72.
Ka4 Kb6 73. Rg6+ Kb7 74. Rg3 Kb6 75. Kb3 Kc6 76. Kc3 Kb6 77. Rh3 Kc6 78. Rg3
Kb6 79. Kd3 Rxb4 80. Rg4 Rb3+ 81. Ke4 Kc6 82. f4 Kd6 83. Kf5 Ke7 84. Kg6 Kf8
85. f5 Rb6+ 86. f6 Rb1 1/2-1/2

[Event "BL 1011 OSG Baden Baden - Werder Bremen"]
[Site "?"]
[Date "2011.04.09"]
[Round "14.2"]
[White "Svidler, Peter"]
[Black "Gashimov, Vugar"]
[Result "1-0"]
[WhiteElo "2731"]
[BlackElo "2719"]
[PlyCount "114"]
[EventDate "2011.??.??"]

1. e4 e5 2. Nf3 Nf6 3. Nxe5 d6 4. Nf3 Nxe4 5. Nc3 Nxc3 6. dxc3 Be7 7. Be3 Nc6
8. Qd2 Be6 9. Ng5 Bxg5 10. Bxg5 Qd7 11. Be2 Ne5 12. b3 f6 13. Be3 Ng4 14. Bf4
O-O-O 15. h3 Ne5 16. Be3 Kb8 17. O-O-O g5 18. g4 Rde8 19. a4 Qe7 20. a5 a6 21.
Rde1 Nc6 22. Bf3 d5 23. Kb2 Qd6 24. Bg2 h5 25. gxh5 Rxh5 26. f4 gxf4 27. Bxf4
Qd7 28. h4 Reh8 29. Bg3 Rg8 30. Re3 d4 31. cxd4 Qxd4+ 32. Qxd4 Nxd4 33. Be4 Bf5
34. Bd5 Be6 35. Bxe6 Nxe6 36. Rg1 Re8 37. Rge1 Rg8 38. Rc3 Rc5 39. Rxc5 Nxc5
40. Bf4 Nd7 41. h5 Kc8 42. Re7 Kd8 43. Rh7 Rg4 44. Rh8+ Ke7 45. Bxc7 Rh4 46. h6
Kf7 47. Bg3 Rh5 48. Bf4 Rh4 49. Bd6 Ke6 50. Bg3 Rh3 51. h7 Kf5 52. Bd6 Rh5 53.
b4 Rh3 54. c4 Rh6 55. b5 axb5 56. cxb5 Ke6 57. Bf4 Kd5 1-0

[Event "BL 1011 OSG Baden Baden - Werder Bremen"]
[Site "?"]
[Date "2011.04.09"]
[Round "14.3"]
[White "Efimenko, Zahar"]
[Black "Movsesian, Sergej"]
[Result "1/2-1/2"]
[WhiteElo "2683"]
[BlackElo "2723"]
[PlyCount "75"]
[EventDate "2011.??.??"]

1. d4 d5 2. c4 c6 3. Nf3 Nf6 4. e3 Bg4 5. h3 Bxf3 6. Qxf3 e6 7. Nc3 Nbd7 8. Bd3
Bb4 9. Bd2 O-O 10. a3 Ba5 11. O-O Re8 12. Qd1 e5 13. cxd5 cxd5 14. Rc1 e4 15.
Be2 Nf8 16. Qa4 Bb6 17. Qb3 Bc7 18. Rc2 a6 19. Rfc1 Ne6 20. Na4 Re7 21. Bb4 Rd7
22. Nc5 Nxc5 23. Rxc5 h5 24. Qc2 Bd6 25. Rc8 Rxc8 26. Qxc8 Bxb4 27. axb4 Qxc8
28. Rxc8+ Kh7 29. Kf1 Rd6 30. b5 axb5 31. Bxb5 Rb6 32. Rc5 Kg8 33. Ke2 Kf8 34.
Kd2 Ke7 35. Kc3 Kd8 36. Kb4 Rd6 37. Rc1 Nd7 38. f3 1/2-1/2

[Event "BL 1011 OSG Baden Baden - Werder Bremen"]
[Site "?"]
[Date "2011.04.09"]
[Round "14.4"]
[White "Bacrot, Etienne"]
[Black "Fressinet, Laurent"]
[Result "1/2-1/2"]
[WhiteElo "2716"]
[BlackElo "2718"]
[PlyCount "50"]
[EventDate "2011.??.??"]

1. d4 d5 2. c4 e6 3. Nc3 Be7 4. cxd5 exd5 5. Bf4 c6 6. e3 Bd6 7. Bxd6 Qxd6 8.
Bd3 Ne7 9. Qb1 g6 10. b4 Bf5 11. b5 O-O 12. Bxf5 Nxf5 13. Nge2 Nd7 14. O-O Nf6
15. h3 c5 16. dxc5 Qxc5 17. Rd1 Rfd8 18. Rd3 Ne4 19. Qb2 Rd6 20. Rc1 Qc4 21.
Qb1 Nc5 22. Rdd1 d4 23. exd4 Nxd4 24. Ng3 Rad8 25. Kh1 Qe6 1/2-1/2

[Event "BL 1011 OSG Baden Baden - Werder Bremen"]
[Site "?"]
[Date "2011.04.09"]
[Round "14.6"]
[White "Nielsen, Peter-Heine"]
[Black "Areshchenko, Alexander"]
[Result "0-1"]
[WhiteElo "2670"]
[BlackElo "2664"]
[PlyCount "110"]
[EventDate "2011.??.??"]

1. c4 Nf6 2. Nc3 d5 3. cxd5 Nxd5 4. g3 g6 5. Bg2 Nxc3 6. bxc3 Bg7 7. Rb1 Nd7 8.
Nf3 O-O 9. O-O c5 10. Qa4 Qc7 11. d3 e5 12. Nd2 a6 13. c4 f5 14. Rb3 h6 15. Bb2
Kh7 16. Rb1 Ra7 17. Bc3 b6 18. Qa3 Bb7 19. Bxb7 Rxb7 20. Qb2 Rfb8 21. a4 Qc6
22. Nf1 Qxa4 23. Ra1 Qc6 24. Rxa6 Qe6 25. Ne3 f4 26. Nd5 Rf8 27. Nxb6 fxg3 28.
hxg3 Qf7 29. e4 Qf3 30. Be1 Nxb6 31. Rbxb6 Rxb6 32. Rxb6 Qxd3 33. Rb7 Qxe4 34.
Bc3 Rd8 35. Bd2 Rxd2 36. Rxg7+ Kxg7 37. Qxd2 Qd4 38. Qa2 Kf6 39. Qa6+ Kf5 40.
Qc8+ Ke4 41. Qg4+ Kd3 42. Qxg6+ Kxc4 43. Qxh6 Kb3 44. Qc1 c4 45. Qb1+ Ka3 46.
Qc1+ Kb4 47. Qb1+ Kc5 48. Qc2 c3 49. Kf1 Qc4+ 50. Ke1 e4 51. g4 Qd3 52. Qa2 Kb4
53. g5 e3 54. g6 Qd2+ 55. Qxd2 cxd2+ 0-1

[Event "BL 1011 OSG Baden Baden - Werder Bremen"]
[Site "?"]
[Date "2011.04.09"]
[Round "14.7"]
[White "Roiz, Michael"]
[Black "Vallejo Pons, Francisco"]
[Result "1/2-1/2"]
[WhiteElo "2637"]
[BlackElo "2697"]
[PlyCount "55"]
[EventDate "2011.??.??"]

1. d4 Nf6 2. c4 e6 3. Nc3 Bb4 4. e3 b6 5. Nge2 Bb7 6. a3 Bd6 7. Qc2 c5 8. d5
O-O 9. Ng3 Be5 10. e4 a6 11. a4 d6 12. Be2 Bd4 13. Bf4 Ne8 14. Qd2 Nd7 15. Bg5
Nef6 16. O-O Re8 17. Rad1 Qc7 18. Be3 exd5 19. exd5 Bxe3 20. fxe3 Re5 21. e4 g6
22. Rf4 Qd8 23. Rdf1 Qe7 24. Bg4 Rf8 25. Bxd7 Nxd7 26. Nd1 Bc8 27. b3 Rg5 28.
Nf2 1/2-1/2

[Event "BL 1011 OSG Baden Baden - Werder Bremen"]
[Site "?"]
[Date "2011.04.09"]
[Round "14.8"]
[White "Naiditsch, Arkadij"]
[Black "Nyback, Tomi"]
[Result "1-0"]
[WhiteElo "2674"]
[BlackElo "2635"]
[PlyCount "139"]
[EventDate "2011.??.??"]

1. e4 e5 2. Nf3 Nc6 3. Bb5 a6 4. Ba4 Nf6 5. O-O Be7 6. d3 b5 7. Bb3 d6 8. a4
Bg4 9. c3 Na5 10. Ba2 c5 11. Na3 Bd7 12. d4 exd4 13. cxd4 c4 14. e5 Ne4 15. d5
dxe5 16. Nxe5 Bxa3 17. bxa3 O-O 18. Nxd7 Re8 19. Qg4 h5 20. Qh3 Ra7 21. Be3
Rxd7 22. Bb6 Qxb6 23. Qxd7 Nf6 24. Qf5 g6 25. Qf3 Re5 26. Rad1 Rf5 27. Qg3 Rxd5
28. Rxd5 Nxd5 29. Rd1 Qf6 30. h4 Nc3 31. Qb8+ Kg7 32. Rd2 Nc6 33. Qe8 Nxa4 34.
Bb1 Nc3 35. Bc2 Nd4 36. Qe3 Nxc2 37. Rxc2 Nd5 38. Qe4 Nf4 39. g3 Nd3 40. Re2
Qd6 41. Qe7 Qd4 42. Re3 Qd5 43. Qg5 Qc6 44. Qd8 Qf6 45. Qxf6+ Kxf6 46. Kf1 a5
47. Ke2 Ne5 48. Re4 Kf5 49. Rd4 Ke6 50. Kd1 Nc6 51. Rf4 Ne7 52. Re4+ Kd6 53. a4
Nd5 54. Kc2 f5 55. Re8 Nc7 56. Rd8+ Ke7 57. Rd4 Ne6 58. Rd5 b4 59. f4 c3 60.
Kd3 Nc7 61. Rxa5 Kd6 62. Re5 Ne6 63. Rb5 Nc5+ 64. Kc2 Nxa4 65. Rxb4 Nc5 66.
Kxc3 Kd5 67. Rb5 Kc6 68. Rb8 Kd5 69. Rb5 Kc6 70. Ra5 1-0

[Event "BL 1011 SC Eppingen - SK Delmenhorst"]
[Site "?"]
[Date "2011.04.09"]
[Round "14.1"]
[White "Heberla, Bartlomeij"]
[Black "Tiviakov, Sergei"]
[Result "1/2-1/2"]
[WhiteElo "2534"]
[BlackElo "2637"]
[PlyCount "39"]
[EventDate "2011.??.??"]

1. e4 c5 2. Nf3 d6 3. d4 cxd4 4. Nxd4 Nf6 5. Nc3 Nc6 6. Be2 g6 7. O-O Bg7 8.
Be3 O-O 9. Qd2 d5 10. Rfd1 Nxd4 11. Qxd4 Nxe4 12. Qxd5 Nd6 13. Bd4 Be6 14. Qc5
b6 15. Qg5 Rc8 16. Bxg7 Kxg7 17. Qe5+ Kg8 18. Rd2 Rc5 19. Qf4 Qc7 20. Rad1
1/2-1/2

[Event "BL 1011 SC Eppingen - SK Delmenhorst"]
[Site "?"]
[Date "2011.04.09"]
[Round "14.3"]
[White "Lammers, Markus"]
[Black "Braun, Arik"]
[Result "1/2-1/2"]
[WhiteElo "2395"]
[BlackElo "2538"]
[PlyCount "87"]
[EventDate "2011.??.??"]

1. e4 c6 2. d4 d5 3. exd5 cxd5 4. c4 Nf6 5. Nc3 e6 6. Nf3 Bb4 7. cxd5 Nxd5 8.
Bd2 Nc6 9. Bd3 O-O 10. O-O Be7 11. Re1 Bf6 12. Nxd5 Qxd5 13. Bc3 Rd8 14. Be4
Qh5 15. Ne5 Qxd1 16. Raxd1 Bd7 17. f4 Be8 18. d5 exd5 19. Bxd5 Bxe5 20. fxe5
Rab8 21. a4 Ne7 22. Bb3 Rxd1 23. Rxd1 Nc6 24. e6 f6 25. g4 h6 26. h4 Kf8 27. g5
hxg5 28. hxg5 fxg5 29. Rf1+ Ke7 30. Bxg7 Bh5 31. Rf5 Rg8 32. Bf6+ Ke8 33. a5
Bg4 34. Rc5 Rg6 35. a6 bxa6 36. Bc3 Nd8 37. Ba4+ Ke7 38. Rc7+ Kxe6 39. Rxa7 Kd5
40. Kf2 Rd6 41. Rc7 Nc6 42. Rg7 Kc4 43. Rxg5 Bd1 44. Bxc6 1/2-1/2

[Event "BL 1011 SC Eppingen - SK Delmenhorst"]
[Site "?"]
[Date "2011.04.09"]
[Round "14.5"]
[White "Meyer, Malte"]
[Black "Guliyev, Namig"]
[Result "0-1"]
[WhiteElo "2348"]
[BlackElo "2510"]
[PlyCount "56"]
[EventDate "2011.??.??"]

1. d4 d5 2. c4 dxc4 3. Nf3 a6 4. e3 Nf6 5. Bxc4 e6 6. O-O Nbd7 7. Bb3 b5 8. Nc3
Bb7 9. Qe2 c5 10. Rd1 Qb8 11. e4 cxd4 12. Nxd4 Bd6 13. g3 O-O 14. f3 Nc5 15.
Bc2 Rd8 16. Be3 Qc7 17. a3 Rac8 18. Rd2 Ncd7 19. Rad1 b4 20. axb4 Bxb4 21. Rc1
Ne5 22. Bb3 Nc4 23. Bxc4 Qxc4 24. Qf2 Bxe4 25. Nce2 Qxc1+ 26. Nxc1 Rxc1+ 27.
Kg2 Ng4 28. Rc2 Rxc2 0-1

[Event "BL 1011 SC Eppingen - SK Delmenhorst"]
[Site "?"]
[Date "2011.04.09"]
[Round "14.6"]
[White "Medvegy, Zoltan"]
[Black "Mossakowski, Florian"]
[Result "1-0"]
[WhiteElo "2531"]
[BlackElo "2335"]
[PlyCount "63"]
[EventDate "2011.??.??"]

1. d4 Nf6 2. c4 e6 3. Nf3 Bb4+ 4. Bd2 c5 5. Bxb4 cxb4 6. g3 O-O 7. Bg2 d6 8.
Nbd2 Re8 9. Nf1 Nc6 10. Ne3 e5 11. O-O Bg4 12. Nxg4 Nxg4 13. e3 Nf6 14. Qc2 Qb6
15. Rfd1 Rac8 16. dxe5 dxe5 17. Ng5 h6 18. Ne4 Nxe4 19. Bxe4 Rcd8 20. Bd5 Ne7
21. Qe4 Nxd5 22. cxd5 Qd6 23. Rac1 Rc8 24. Qd3 Rxc1 25. Rxc1 e4 26. Qd4 Re5 27.
Rc8+ Kh7 28. Rd8 Qf6 29. Rd7 Kg6 30. Rxb7 Qf5 31. Rxb4 h5 32. h4 1-0

[Event "BL 1011 SC Eppingen - SK Delmenhorst"]
[Site "?"]
[Date "2011.04.09"]
[Round "14.7"]
[White "Hoeffer, David"]
[Black "Paehtz, Elisabeth"]
[Result "0-1"]
[WhiteElo "2259"]
[BlackElo "2467"]
[PlyCount "136"]
[EventDate "2011.??.??"]

1. Nc3 d6 2. d4 g6 3. e4 Bg7 4. g3 Nf6 5. Bg2 O-O 6. Nge2 Na6 7. h3 c5 8. Be3
Nd7 9. g4 Rb8 10. a4 b6 11. O-O Nc7 12. f4 a6 13. Rb1 b5 14. axb5 axb5 15. b4
cxd4 16. Nxd4 Bb7 17. Nd5 e5 18. Nb3 Nxd5 19. exd5 exf4 20. Bxf4 Qb6+ 21. Kh1
Rbc8 22. Na5 Ne5 23. Bxe5 Bxe5 24. Nc6 Rce8 25. Qd3 Bg7 26. Rbe1 Rxe1 27. Rxe1
Ra8 28. Qe2 Bxc6 29. dxc6 Be5 30. Qd3 Ra7 31. Rf1 Kg7 32. Bd5 f6 33. g5 f5 34.
Bg2 Ra4 35. Qd5 Ra7 36. Qf3 Ra4 37. c3 Ra3 38. Qd5 Ra7 39. Re1 Qf2 40. Rd1 Qg3
41. Kg1 Qe3+ 42. Kf1 Qxg5 43. Qd2 Qh4 44. Kg1 Re7 45. Qd3 Qf4 46. Qf3 Qc4 47.
Bf1 Qb3 48. Rd3 Qb1 49. Qd1 Qa2 50. Qd2 Qa7+ 51. Qf2 Qa6 52. Qf3 Rc7 53. Bg2
Qa7+ 54. Kh1 Rxc6 55. Qe2 Rc7 56. Bf3 Qa1+ 57. Kg2 Qc1 58. Re3 Ra7 59. Rxe5
dxe5 60. Qxe5+ Kh6 61. Qe8 Ra2+ 62. Be2 Qg5+ 63. Kf3 Qh5+ 64. Kf2 Qh4+ 65. Kf3
Qxh3+ 66. Kf2 Qh4+ 67. Kf3 Qg4+ 68. Kf2 Qf4+ 0-1

[Event "BL 1011 SC Eppingen - SK Delmenhorst"]
[Site "?"]
[Date "2011.04.09"]
[Round "14.8"]
[White "Mann, Christian"]
[Black "Isakson, Alex"]
[Result "1/2-1/2"]
[WhiteElo "2444"]
[BlackElo "1958"]
[PlyCount "84"]
[EventDate "2011.??.??"]

1. g3 Nf6 2. Bg2 g6 3. d4 Bg7 4. e4 d6 5. Ne2 O-O 6. O-O Nbd7 7. Nbc3 e5 8. h3
Nh5 9. Be3 Nb6 10. b3 f5 11. dxe5 dxe5 12. Qxd8 Rxd8 13. Nb5 f4 14. Bxb6 cxb6
15. Rfd1 Bd7 16. a4 Bc6 17. g4 Nf6 18. Nec3 a6 19. Nd6 Nd7 20. Rd2 Nc5 21. Rad1
Ne6 22. Nc4 b5 23. Nb6 Rxd2 24. Rxd2 Rd8 25. Rxd8+ Nxd8 26. axb5 axb5 27. Bf1
b4 28. Ncd5 Bf8 29. Bc4 Kg7 30. Bd3 Bc5 31. Nc4 Nf7 32. Nc7 Kf6 33. h4 h6 34.
Kf1 g5 35. h5 Nd6 36. Nd5+ Ke6 37. Nxd6 Kxd6 38. Nf6 Ke6 39. Ng8 Bf8 40. Bc4+
Kd6 41. Nf6 Kc5 42. Ke2 Kd4 1/2-1/2

[Event "BL 1011 Hamburger SK - SG Turm Trier"]
[Site "?"]
[Date "2011.04.09"]
[Round "14.1"]
[White "Lupulescu, Constantin"]
[Black "Kempinski, Robert"]
[Result "1/2-1/2"]
[WhiteElo "2617"]
[BlackElo "2615"]
[PlyCount "45"]
[EventDate "2011.??.??"]

1. d4 d5 2. c4 c6 3. Nf3 Nf6 4. e3 Bf5 5. Nc3 e6 6. Nh4 Bg6 7. Bd2 Nbd7 8. Qb3
Rb8 9. Nxg6 hxg6 10. g3 Be7 11. cxd5 exd5 12. Qc2 O-O 13. Bg2 Nb6 14. b3 Nc8
15. O-O Re8 16. Rad1 Bb4 17. Bc1 Nd6 18. a3 Bxc3 19. Qxc3 g5 20. h3 Nfe4 21.
Qe1 Nf5 22. g4 Nh4 23. f3 1/2-1/2

[Event "BL 1011 Hamburger SK - SG Turm Trier"]
[Site "?"]
[Date "2011.04.09"]
[Round "14.2"]
[White "Ftacnik, Lubomir Dr"]
[Black "Bobras, Piotr"]
[Result "1/2-1/2"]
[WhiteElo "2568"]
[BlackElo "2535"]
[PlyCount "41"]
[EventDate "2011.??.??"]

1. Nf3 Nf6 2. c4 g6 3. Nc3 d5 4. cxd5 Nxd5 5. g3 Nxc3 6. bxc3 b6 7. Bg2 Bb7 8.
Qb3 e6 9. d4 Bg7 10. Ba3 Nd7 11. Rd1 c5 12. O-O Qc7 13. Rfe1 O-O 14. e4 Rfe8
15. Bc1 Rac8 16. Bf4 e5 17. dxe5 Nxe5 18. Nxe5 Bxe5 19. Bxe5 Rxe5 20. Rd2 Ree8
21. f4 1/2-1/2

[Event "BL 1011 Hamburger SK - SG Turm Trier"]
[Site "?"]
[Date "2011.04.09"]
[Round "14.3"]
[White "Cyborowski, Lukasz"]
[Black "Rogozenco, Dorian"]
[Result "1/2-1/2"]
[WhiteElo "2531"]
[BlackElo "2522"]
[PlyCount "41"]
[EventDate "2011.??.??"]

1. Nf3 d5 2. d4 Nf6 3. c4 c6 4. e3 Bf5 5. Nc3 e6 6. Bd3 Bxd3 7. Qxd3 Nbd7 8.
O-O Bb4 9. Bd2 a5 10. a3 Bxc3 11. Bxc3 O-O 12. a4 Ne4 13. Rfb1 Ra7 14. Be1 Qa8
15. Nd2 Nxd2 16. Bxd2 Nf6 17. Rc1 h6 18. Be1 Qd8 19. Rab1 Re8 20. b3 Qb6 21.
Qc2 1/2-1/2

[Event "BL 1011 Hamburger SK - SG Turm Trier"]
[Site "?"]
[Date "2011.04.09"]
[Round "14.4"]
[White "Rasmussen, Allan Stig"]
[Black "Jaracz, Pawel"]
[Result "1/2-1/2"]
[WhiteElo "2530"]
[BlackElo "2543"]
[PlyCount "46"]
[EventDate "2011.??.??"]

1. e4 e5 2. Nf3 Nc6 3. Bb5 a6 4. Ba4 Nf6 5. O-O Be7 6. Re1 b5 7. Bb3 d6 8. c3
O-O 9. h3 Na5 10. Bc2 c5 11. d4 Qc7 12. Nbd2 cxd4 13. cxd4 Nc6 14. Nb3 a5 15.
Be3 a4 16. Nbd2 Bd7 17. a3 Rfc8 18. Bd3 exd4 19. Nxd4 Ne5 20. Be2 Rab8 21. Bf4
g6 22. b4 axb3 23. Qxb3 Qa5 1/2-1/2

[Event "BL 1011 Hamburger SK - SG Turm Trier"]
[Site "?"]
[Date "2011.04.09"]
[Round "14.5"]
[White "Seger, Ruediger"]
[Black "Mueller, Karsten Dr"]
[Result "0-1"]
[WhiteElo "2416"]
[BlackElo "2525"]
[PlyCount "84"]
[EventDate "2011.??.??"]

1. e4 c5 2. c3 Nf6 3. e5 Nd5 4. Nf3 d6 5. Bc4 Nb6 6. Bb5+ Bd7 7. Bxd7+ Qxd7 8.
d4 e6 9. dxc5 dxc5 10. Qe2 Nc6 11. Nbd2 Qc7 12. a4 Be7 13. a5 Nd7 14. Nc4 O-O
15. Bf4 b5 16. axb6 Nxb6 17. Nfd2 a5 18. O-O a4 19. Ra2 Ra7 20. Rfa1 Rfa8 21.
Qe4 Nd5 22. Be3 a3 23. Rxa3 Rxa3 24. Rxa3 Rxa3 25. bxa3 Nxc3 26. Qd3 Nd5 27.
Nf3 Qb6 28. g3 Qb5 29. Qc2 Na5 30. Nfd2 h6 31. Nxa5 Qxa5 32. Nc4 Nxe3 33. fxe3
Qe1+ 34. Kg2 Bg5 35. Qd2 Qb1 36. Qc3 Qe4+ 37. Kg1 h5 38. Qc1 h4 39. gxh4 Qg4+
40. Kh1 Bxh4 41. Qf1 Bf2 42. Qxf2 Qxc4 0-1

[Event "BL 1011 Hamburger SK - SG Turm Trier"]
[Site "?"]
[Date "2011.04.09"]
[Round "14.6"]
[White "Heinemann, Thies"]
[Black "Cioara, Andrei Nestor"]
[Result "0-1"]
[WhiteElo "2488"]
[BlackElo "2426"]
[PlyCount "96"]
[EventDate "2011.??.??"]

1. e4 e6 2. d4 d5 3. Nd2 Nf6 4. e5 Nfd7 5. Bd3 c5 6. c3 Nc6 7. Ne2 cxd4 8. cxd4
f6 9. exf6 Nxf6 10. Nf3 Bd6 11. O-O Qc7 12. g3 O-O 13. Bf4 Ng4 14. Bxd6 Qxd6
15. Nc3 e5 16. dxe5 Ngxe5 17. Nxe5 Nxe5 18. Be4 d4 19. Nb5 Qf6 20. Nxd4 Rd8 21.
Qb3+ Kh8 22. Nf3 Rd3 23. Bxd3 Nxf3+ 24. Kg2 Qc6 25. Rfc1 Nh4+ 26. Kf1 Bh3+ 27.
Ke1 Re8+ 28. Kd1 Bg4+ 29. f3 Qxf3+ 30. Kc2 Rc8+ 31. Kb1 Rxc1+ 32. Kxc1 Qh1+ 33.
Kc2 Qxa1 34. Qxb7 Bd1+ 35. Kc3 Qc1+ 36. Kd4 Nf3+ 37. Kd5 Qg5+ 38. Kc4 Qg4+ 39.
Be4 Qxe4+ 40. Qxe4 Nd2+ 41. Kd4 Nxe4 42. Kxe4 Kg8 43. Kd5 Kf7 44. Kc6 Ke6 45.
Kb7 a5 46. b3 a4 47. b4 a3 48. b5 Bb3 0-1

[Event "BL 1011 Hamburger SK - SG Turm Trier"]
[Site "?"]
[Date "2011.04.09"]
[Round "14.7"]
[White "Kolbus, Dietmar"]
[Black "Berger, Steve"]
[Result "1/2-1/2"]
[WhiteElo "2332"]
[BlackElo "2423"]
[PlyCount "64"]
[EventDate "2011.??.??"]

1. c4 g6 2. d4 Bg7 3. e4 Nc6 4. Be3 e5 5. dxe5 Bxe5 6. Qd2 d6 7. Nc3 Nge7 8.
Nf3 Bg7 9. Bh6 Bxh6 10. Qxh6 Ng8 11. Qg7 Qf6 12. Qxf6 Nxf6 13. Nd5 Nxd5 14.
exd5 Nb4 15. Kd2 a5 16. a3 Na6 17. b4 Ke7 18. Nd4 Bf5 19. Kc3 axb4+ 20. axb4
Nc5 21. Nxf5+ gxf5 22. Bd3 Ne4+ 23. Bxe4 fxe4 24. Kd4 f5 25. b5 Kd7 26. Rhf1
Rac8 27. g3 h5 28. Ra7 b6 29. Ra3 h4 30. Re3 hxg3 31. hxg3 Rh2 32. g4 fxg4
1/2-1/2

[Event "BL 1011 Hamburger SK - SG Turm Trier"]
[Site "?"]
[Date "2011.04.09"]
[Round "14.8"]
[White "Sebastian, Dirk"]
[Black "Korman, Maxim"]
[Result "1-0"]
[WhiteElo "2439"]
[BlackElo "2192"]
[PlyCount "81"]
[EventDate "2011.??.??"]

1. e4 e5 2. Nf3 Nf6 3. Nc3 Bb4 4. Be2 O-O 5. O-O d5 6. exd5 e4 7. Nd4 Re8 8. d3
Bxc3 9. bxc3 Qxd5 10. Be3 b6 11. c4 Qd7 12. Nb5 a6 13. Nc3 Bb7 14. Re1 exd3 15.
cxd3 Nc6 16. d4 h6 17. h3 Rad8 18. d5 Ne5 19. Bf1 Qc8 20. Qc2 b5 21. cxb5 Nxd5
22. Nxd5 Rxd5 23. bxa6 Bxa6 24. Bxa6 Qxa6 25. Qxc7 Rc8 26. Qe7 Ra5 27. Bd2 Nc6
28. Qd7 Re5 29. Bc3 Rd8 30. Qxd8+ Nxd8 31. Bxe5 Qa4 32. a3 Ne6 33. Reb1 Qe4 34.
Re1 Qa4 35. Re3 h5 36. Rae1 f5 37. Ba1 Nf4 38. Re7 Qxa3 39. Rxg7+ Kf8 40. Rb7
Qa2 41. Bg7+ 1-0

[Event "BL 1011 Schachfr. Berlin - SV Griesheim"]
[Site "?"]
[Date "2011.04.09"]
[Round "14.1"]
[White "Mista, Aleksandar"]
[Black "Markos, Jan"]
[Result "0-1"]
[WhiteElo "2574"]
[BlackElo "2566"]
[PlyCount "79"]
[EventDate "2011.??.??"]

1. e4 c5 2. Nf3 Nc6 3. d4 cxd4 4. Nxd4 Nf6 5. Nc3 e5 6. Ndb5 d6 7. Bg5 a6 8.
Na3 b5 9. Nd5 Be7 10. Bxf6 Bxf6 11. c3 Bg5 12. Nc2 Ne7 13. h4 Bh6 14. a4 bxa4
15. Ncb4 O-O 16. Qxa4 a5 17. Nxe7+ Qxe7 18. Nd5 Qd8 19. Bb5 Be6 20. Bc6 Rb8 21.
b4 axb4 22. cxb4 Kh8 23. b5 Bxd5 24. Bxd5 Qb6 25. Bc6 Be3 26. Qc2 Bd4 27. Ra6
Qc7 28. Qd3 Qe7 29. g3 d5 30. exd5 Qb4+ 31. Kf1 f5 32. Kg2 f4 33. Rb1 f3+ 34.
Kf1 Qc5 35. Ra2 e4 36. Qc2 Bxf2 37. d6 Qxd6 38. Bxe4 Bb6 39. Rd1 Qe6 40. Qd3
0-1

[Event "BL 1011 Schachfr. Berlin - SV Griesheim"]
[Site "?"]
[Date "2011.04.09"]
[Round "14.2"]
[White "Kraemer, Martin"]
[Black "Tazbir, Marcin"]
[Result "1-0"]
[WhiteElo "2516"]
[BlackElo "2523"]
[PlyCount "91"]
[EventDate "2011.??.??"]

1. d4 d5 2. c4 dxc4 3. Nf3 Nf6 4. e3 a6 5. Bxc4 b5 6. Bd3 Bb7 7. O-O e6 8. a4
b4 9. Nbd2 c5 10. e4 cxd4 11. e5 Nd5 12. Nxd4 Nc6 13. Nxc6 Bxc6 14. Nb3 Be7 15.
a5 Qb8 16. Nd4 Bd7 17. Qe2 h6 18. Rd1 Qa7 19. Be4 O-O 20. Bxd5 exd5 21. Be3 Qb7
22. f4 Rfe8 23. Qf2 Bc5 24. Nb3 Bxe3 25. Qxe3 Bf5 26. Rdc1 Qe7 27. Rc6 Be4 28.
Rac1 Qh4 29. Nd4 g5 30. fxg5 Rxe5 31. gxh6 Qg4 32. Qg3 Qxg3 33. hxg3 Kh7 34.
Kf2 Bg6 35. Nf3 Rh5 36. g4 Rxh6 37. g5 Rh5 38. g4 Rh3 39. Kg2 Rxf3 40. Kxf3 Re8
41. Rxa6 d4 42. Ra1 Re3+ 43. Kf2 Rb3 44. Rxg6 Rxb2+ 45. Kf3 Kxg6 46. a6 1-0

[Event "BL 1011 Schachfr. Berlin - SV Griesheim"]
[Site "?"]
[Date "2011.04.09"]
[Round "14.3"]
[White "Jakubowski, Krzysztof"]
[Black "Maksimenko, Andrei"]
[Result "0-1"]
[WhiteElo "2500"]
[BlackElo "2544"]
[PlyCount "86"]
[EventDate "2011.??.??"]

1. e4 c5 2. Nf3 d6 3. d4 cxd4 4. Nxd4 Nf6 5. Nc3 a6 6. Be3 e6 7. Be2 Qc7 8. a3
Nc6 9. g4 h6 10. f4 Be7 11. h4 g6 12. Bf3 Na5 13. Qe2 Nc4 14. O-O-O Nxe3 15.
Qxe3 Nd7 16. g5 hxg5 17. hxg5 Rg8 18. Kb1 Nb6 19. Rh7 Bd7 20. Be2 Qc5 21. Qf3
Rf8 22. Nb3 Qc7 23. Rdh1 O-O-O 24. Rg7 Kb8 25. Rhh7 Be8 26. Nd4 Rd7 27. f5 Qc5
28. Nb3 Qg1+ 29. Ka2 Qxg5 30. Qf2 Nc8 31. Bc4 exf5 32. Bxf7 fxe4 33. Nxe4 Qe5
34. Qg2 Bd8 35. Bxe8 Rxg7 36. Rxg7 Qxg7 37. Qxg6 Qe7 38. Ba4 Nb6 39. Nc3 Rf4
40. Be8 Rf8 41. Ba4 d5 42. Nd4 Rf4 43. Qg3 Qh4 0-1

[Event "BL 1011 Schachfr. Berlin - SV Griesheim"]
[Site "?"]
[Date "2011.04.09"]
[Round "14.5"]
[White "Grabarczyk, Miroslaw"]
[Black "Lauber, Arnd"]
[Result "1/2-1/2"]
[WhiteElo "2475"]
[BlackElo "2497"]
[PlyCount "90"]
[EventDate "2011.??.??"]

1. d4 Nf6 2. c4 e6 3. Nf3 d5 4. Nc3 dxc4 5. e3 a6 6. a4 c5 7. Bxc4 Nc6 8. O-O
Be7 9. dxc5 Qc7 10. Bd2 Bxc5 11. Rc1 O-O 12. Bd3 Rd8 13. Ne4 Be7 14. Qc2 h6 15.
Nxf6+ Bxf6 16. Bh7+ Kh8 17. Be4 Bd7 18. Bc3 Bxc3 19. Qxc3 Rac8 20. h3 Qb6 21.
Qa3 Qa5 22. Rc5 Qb4 23. Qxb4 Nxb4 24. Rfc1 Rxc5 25. Rxc5 Bc6 26. Bxc6 Nxc6 27.
b4 Nxb4 28. Rc7 f6 29. Nd4 e5 30. Nf5 Rd1+ 31. Kh2 Nd3 32. f3 Ne1 33. Rxb7 Rd2
34. Kg1 Nxg2 35. Nxg7 Nh4 36. Nh5 Nxf3+ 37. Kf1 Nh2+ 38. Ke1 Nf3+ 39. Kf1 Nh2+
40. Ke1 Nf3+ 41. Kf1 Rd6 42. Ng3 Rd2 43. Ne4 Nh2+ 44. Ke1 Nf3+ 45. Kf1 Nh2+
1/2-1/2

[Event "BL 1011 Schachfr. Berlin - SV Griesheim"]
[Site "?"]
[Date "2011.04.09"]
[Round "14.6"]
[White "Polzin, Rainer"]
[Black "Grabarczyk, Bogdan"]
[Result "1-0"]
[WhiteElo "2494"]
[BlackElo "2448"]
[PlyCount "65"]
[EventDate "2011.??.??"]

1. e4 e6 2. d4 d5 3. Nc3 Nf6 4. Bg5 Bb4 5. e5 h6 6. Bd2 Bxc3 7. bxc3 Ne4 8. Qg4
g6 9. Bd3 Nxd2 10. Kxd2 c5 11. Nf3 c4 12. Be2 Nd7 13. h4 Qe7 14. a4 a5 15. Qf4
b6 16. Nh2 Bb7 17. Ng4 O-O-O 18. Nxh6 Rdf8 19. Bf3 f6 20. exf6 Nxf6 21. Qg5 Qg7
22. Ng4 Nxg4 23. Qxg4 Qh6+ 24. Kd1 Rf5 25. Rb1 Kc7 26. Qg3+ Qf4 27. Qxg6 Rxh4
28. Rxh4 Qxh4 29. Qxe6 Rf6 30. Qe5+ Rd6 31. Rxb6 Qh1+ 32. Ke2 Bc6 33. Bxd5 1-0

[Event "BL 1011 Schachfr. Berlin - SV Griesheim"]
[Site "?"]
[Date "2011.04.09"]
[Round "14.7"]
[White "Bulski, Krzysztof"]
[Black "Berndt, Stephan"]
[Result "1/2-1/2"]
[WhiteElo "2459"]
[BlackElo "2442"]
[PlyCount "75"]
[EventDate "2011.??.??"]

1. e4 c5 2. Nf3 d6 3. d4 cxd4 4. Nxd4 Nf6 5. Nc3 g6 6. Be3 Bg7 7. f3 O-O 8. Qd2
Nc6 9. O-O-O d5 10. exd5 Nxd5 11. Nxc6 bxc6 12. Bd4 e5 13. Bc5 Be6 14. Ne4 Re8
15. Bc4 Qc7 16. g4 Red8 17. Qf2 Nf4 18. Bxe6 Nxe6 19. g5 Rd5 20. c4 Rxd1+ 21.
Rxd1 Qa5 22. Kb1 Rd8 23. Rxd8+ Qxd8 24. Kc2 Nxg5 25. Nxg5 Qxg5 26. Bxa7 Qf5+
27. Kb3 Qd3+ 28. Kb4 Bh6 29. b3 Bd2+ 30. Ka4 Bc3 31. Qe3 Qc2 32. a3 Bd4 33.
Bxd4 exd4 34. Qxd4 Qxh2 35. Qd8+ Kg7 36. Qd4+ Kg8 37. Qd8+ Kg7 38. Qd4+ 1/2-1/2